Formes des pays européens - Mort subite - Statistiques

Statistiques générales
  • Ce quiz a été pris 35 802 fois
  • Le résultat moyen est 16 sur 45
Answers on the Grid
Answers color-coded by a green-red scale on the quiz's grid according to % correct below.
 
Statistiques - réponses
Réponse % Correct
72%
68%
62%
62%
62%
57%
57%
52%
52%
48%
47%
44%
43%
43%
40%
40%
39%
38%
37%
35%
32%
32%
31%
31%
30%
28%
28%
27%
27%
26%
25%
25%
24%
22%
22%
20%
20%
20%
20%
20%
19%
19%
18%
14%
11%
Aucun quiz correspondant
Distribution des résultats
% des personnes avec chaque résultat
Percentile par nombre de réponses
Votre historique - résultats
Vous n’avez pas pris ce quiz